[Event "TCh-RUS HL 2025"]
[Site "Sochi RUS"]
[Date "2025.04.26"]
[Round "1.4"]
[White "Onischenko, Leonid"]
[Black "Fedotov, Nikita2"]
[Result "1/2-1/2"]
[BlackTitle "FM"]
[WhiteElo "1919"]
[BlackElo "2311"]
[WhiteTeam "Kuban (Krasnodarskiy kray)"]
[BlackTeam "Krasnodarskiy kray (Krasnodarskiy kray)"]
[WhiteFideId "34109100"]
[BlackFideId "24161446"]
[EventDate "2025.04.26"]

1. d4 d5 2. Nc3 Nf6 3. Bf4 a6 4. e3 e6 5. g4 c5 6. g5 Nfd7 7. Qf3 Nc6 8. O-O-O
Be7 9. Qg3 O-O 10. Nf3 b5 11. h4 Ra7 12. dxc5 Nxc5 13. Ne5 Nxe5 14. Bxe5 b4 15.
Ne2 a5 16. Nd4 Bd7 17. Bg2 a4 18. e4 b3 19. cxb3 a3 20. Kb1 axb2 21. Nc2 Qa5 22.
a3 Nxb3 23. Qxb3 Ba4 24. Qc3 Qa6 25. Rd2 Rc8 26. Bf1 Rxc3 27. Bxa6 Rxc2 28. Rxc2
Bxc2+ 29. Kxc2 Rxa6 30. exd5 Bxa3 31. Rh3 exd5 32. Rb3 f6 33. gxf6 gxf6 34. Bxb2
Bxb2 35. Rxb2 Ra4 36. Rb5 Rd4 37. Kc3 Rf4 38. Rxd5 Rxf2 39. Kd3 Rf4 40. h5 Rg4
41. Rd7 Rh4 42. Rd5 Kg7 43. Ke3 h6 44. Kf3 Kf7 45. Ra5 Rd4 46. Ra7+ Ke6 47. Rh7
Kf5 48. Rxh6 Rd3+ 49. Kg2 Kg5 50. Rg6+ Kxh5 1/2-1/2